All Phantom Menace Deaths- Star Wars - Statistics

General Stats
  • This quiz has been taken 17 times
  • The average score is 4 of 12
Answer Stats
Hint Answer % Correct
Stabbed by Darth Maul on Naboo Qui-Gon Jinn
100%
Deactivated when the Trade Federation Blockade was destroyed OOM-9
50%
Podracer crashed into a stalactite Ratts Tyrell
40%
Blown up inside the Trade Federation Blockade TC-14
40%
Shot by another Battle Droid whilst it was attached to Jar Jar's foot 1234
30%
Ship blown up by Trade Federation turrets Anditar Williams
30%
Blown up inside the Trade Federation Blockade Daultay Dofine
30%
Blown up inside the Trade Federation Blockade Tey How
30%
Blown off the top of a Naboo cruiser G8-R3
20%
Ship blown up by Trade Federation turrets Maoi Madakor
20%
Blown off the top of a Naboo cruiser R2-R9
20%
Blown off the top of a Naboo cruiser R2-B1
10%
No matching quizzes found
Score Distribution
Percent of People with Each Score
Percentile by Number Answered
Your Score History
You have not taken this quiz